| 000 | 00910nam a22001577a 4500 | ||
|---|---|---|---|
| 003 | OSt | ||
| 005 | 20151021101431.0 | ||
| 008 | 151021b xxu||||| |||| 00| 0 eng d | ||
| 040 | _cRUA | ||
| 082 | _aAVM VOE 2009 B090 Or.1 | ||
| 100 |
_92574 _aVOEURN, SAMPHOS. |
||
| 245 | _astudy of using moriinga oleifera leaves replace soybean in concentrate on growth rate of quail at animal experimental station of rua (ការសិក្សាលើកាប្រើប្រាស់ស្លឹកម្រុំក្រៀមជំនួសសណ្ថែកសៀងក្នុងចំណីផ្សំលើការលូតលាស់របស់ក្រួចនៅស្ថានីយ៍ចិញ្ចឹមសត្វនៃសាកលវិទ្យាល័យភូមិន្ទកសិកម្ម) | ||
| 260 |
_aPhnom Penh _bRUA _c2009 |
||
| 300 |
_avi, 45p. _bill. _c29cm. |
||
| 942 |
_2ddc _cAVM |
||
| 999 |
_c2424 _d2424 |
||